Сварка судовых конструкций: справ. материалы Ч. 4 Сварка судовых конструкций: справ. материалы
В справочные материалы включены требования правил Российского Речного Регистра по применению видов сварных швов в сварных соединениях различного типа, выбору их конструктивных элементов, назначению параметров режимов сварки. Приведены указания о применении условных обозначений и изображений швов сва...
Guardat en:
| Autor principal: | |
|---|---|
| Altres autors: | |
| Format: | Книга |
| Idioma: | Russian |
| Publicat: |
Нижний Новгород
ВГУВТ
2015
|
| Accés en línia: | http://e.lanbook.com/books/element.php?pl1_id=65039 https://e.lanbook.com/img/cover/book/65039.jpg |
| Etiquetes: |
Afegir etiqueta
Sense etiquetes, Sigues el primer a etiquetar aquest registre!
|
| LEADER | 02568nam0a2200265 i 4500 | ||
|---|---|---|---|
| 001 | 65039 | ||
| 003 | RuSpLAN | ||
| 005 | 20221220173939.0 | ||
| 008 | 221220s2015 ru gs 000 0 rus | ||
| 040 | |a RuSpLAN | ||
| 041 | 0 | |a rus | |
| 044 | |a ru | ||
| 080 | |a 629.12.002;791.04 | ||
| 245 | 1 | |a Сварка судовых конструкций: справ. материалы |c Бурмистров Е. Г.,Зяблов О. К. |n Ч. 4 |p Сварка судовых конструкций: справ. материалы | |
| 260 | |a Нижний Новгород |b ВГУВТ |c 2015 | ||
| 300 | |a 76 с. | ||
| 500 | |a Работа рекомендована к изданию кафедрой проектирования и технологии постройки судов (протокол № 10 от 29.06.2013 г.). | ||
| 504 | |a Библиогр.: доступна в карточке книги, на сайте ЭБС Лань | ||
| 520 | 8 | |a В справочные материалы включены требования правил Российского Речного Регистра по применению видов сварных швов в сварных соединениях различного типа, выбору их конструктивных элементов, назначению параметров режимов сварки. Приведены указания о применении условных обозначений и изображений швов сварных соединений по действующим государственным стандартам. Справочные материалы могут быть использованы студентами очного и заочного обучения при разработке чертежей и технологической документации в курсовых и дипломных проектах. Для студентов специальностей 180101 «Кораблестроение», 180403 «Эксплуатация судовых энергетических установок, 280700.62 «Техносферная безопасность». | |
| 521 | 8 | |a Книга из коллекции ВГУВТ - Инженерно-технические науки | |
| 100 | 1 | |a Бурмистров Е. Г. | |
| 700 | 1 | |a Зяблов О. К. | |
| 856 | 4 | |u http://e.lanbook.com/books/element.php?pl1_id=65039 | |
| 856 | 4 | 8 | |u https://e.lanbook.com/img/cover/book/65039.jpg |
| 953 | |a https://e.lanbook.com/img/cover/book/65039.jpg | ||